00716nam a22001937a 4500999001900000005001700019010001500036020002700051035001600078037001300094082001200107245007700119260002200196270008800218300002700306700002700333942002600360952013600386 c181560d18156020210923121508.0 aENG-130004 a9789353887421c1350.00 a EN-113486 bDBAD/PUB a370.954 aEducation in India:cedited by Jandhyala B.G.TilakbPolicy and practice/ bSageaIndiac2021 bNew Delhie110044aB1/1-1,Mohan Cooperative industrial Area Mathura road Post Bag 7 axxxii,364p.c25cm(hbk) aTilak, Jandhyala B.G. 2ddccENh370.954mEDU 001040708NFICaBNbBNd2021-09-23eDBAD/PUBg1350.00l1o370.954 EDUpEN-113486r2024-04-24 00:00:00s2024-04-10t1v1350.00yEN